000
00464nam a2200145Ia 4500
008
100122s9999 xx 000 0 und d
082
_b
9941
_a
929.2
100
_a
भोसले म भा
245
_a
भोसले वंश चरित्र
260
_b
प्रकाशक शोधणे
_c
1950
300
_a
60
630
_a
भोसले वंश चरित्र
730
_a
भोसले वंश चरित्र
942
_c
BOOK
999
_c
401747
_d
401744